Normal view
MARC view
- Leinberger, Paul, 1947-
Entry Personal Name
001 - CONTROL NUMBER
- control field: 20159
003 - CONTROL NUMBER IDENTIFIER
- control field: OSt
005 - DATE AND TIME OF LATEST TRANSACTION
- control field: 20170424153435.0
008 - FIXED-LENGTH DATA ELEMENTS
- fixed length control field: 170424|| aca||aabn | a|a d
040 ## - CATALOGING SOURCE
- Original cataloging agency: OSt
100 ## - HEADING--PERSONAL NAME
- Personal name: Leinberger, Paul, 1947-
